000 01100nam a22002657a 4500
005 20240530110453.0
008 150520s2010 ua adk g 000 0 ara d
017 _a2010/13210
_bمصر . دار الكتب المصرية
020 _a9789773832147
040 _aEG-CaGPL
082 0 4 _221
_a384.552\
_bح ف
100 0 _aحسن نيازى الصيفى
245 1 2 _aالفضائيات العربية فى عصر العولمة :
_bالفرص و التحديات الواقع و الطموحات /
_cحسن نيازى الصيفى
250 _aط1
260 _aالقاهرة :
_bإيتراك للطباعة و النشر و التوزيع ،
_c2010 .
300 _a365 ص :
_bايض ؛
_c24 سم .
650 0 4 _aالاقمار الصناعية
650 0 4 _aالقنوات التليفزيونية الفضائية
650 0 4 _aالنايل سات
650 0 4 _aالاعلان بالتليفزيون
650 0 4 _aالاعلان بالقنوات الفضائية
650 0 4 _aالاعلان
_xاخلاقيات
942 _2ddc
_cBK
999 _c61291
_d61291